Building technology /

Bibliographic Details
Main Author: Bowyer, Jack
Format: Book
Language:English
Published: London : Butterworths, 1978
Series:Newnes-Butterworths technician series.
Subjects:

MARC

Tag First Indicator Second Indicator Subfields
LEADER 00000cam a2200000 a 4500
001 in00000097161
005 20150924085048.0
008 800108s1978 enka b 00010 eng d
020 |a 0408002980 (v. 1) 
020 |a 0408002999 (v. 2) 
035 |a (OCoLC)05852303 
035 |9 AAK9038AM 
040 |a IUL  |c IUL  |d m.c.  |d TXA  |d UtOrBLW 
049 |a TXAM  |v 1 [1272876] 
090 |a TH145  |b  B63 1979 
100 1 |a Bowyer, Jack. 
245 1 0 |a Building technology /  |c Jack Bowyer ; illustrations prepared by Peter Bowyer. 
264 1 |a London :  |b Butterworths,  |c 1978 
264 3 |c 1979 printing 
300 |a 2 volumes :  |b illustrations ;  |c 25 cm. 
336 |a text  |b txt  |2 rdacontent 
337 |a unmediated  |b n  |2 rdamedia 
338 |a volume  |b nc  |2 rdacarrier 
490 1 |a Newnes-Butterworths technician series 
504 |a Includes bibliographies. 
650 0 |a Building. 
830 0 |a Newnes-Butterworths technician series. 
999 |a MARS 
999 f f |s 0ded69aa-c3c8-3a14-875c-24ee4e0fc87c  |i b593e4f1-ebda-3782-b75b-ba600cd4342d  |t 0 
952 f f |p ric  |a Texas A&M University  |b Rellis Campus  |c Joint Library Facility  |d Remote Storage  |t 0  |e TH145 B63 1979  |h Library of Congress classification  |i unmediated -- volume  |k v.1  |m A14806039533 
998 f f |a TH145 B63 1979  |s v.1  |t 0  |l Remote Storage